| Поле | Инд. | ПП | Название | Значение |
|---|---|---|---|---|
| Тип записи | a | |||
| Библиографический уровень | b | |||
| 001 | Контрольный номер | RU/IS/BASE/269101501 | ||
| 005 | Дата корректировки | 20200522191239.1 | ||
| 008 | Кодируемые данные | 20080711 | ||
| 040 | b | Код языка каталог. | rus | |
| e | Правила каталог. | PSBO | ||
| 041 | 0_ | a | Код языка текста | rus |
| 084 | a | Индекс другой классификации/Индекс ББК | 85.315.8г; 86.372.24-651; 85.125.4г | |
| 100 | 1_ | a | Автор | Пухначев Ю. |
| q | Полное имя | Пухначев Юрий | ||
| 245 | 10 | a | Заглавие | Колокол |
| 520 | 0_ | a | Аннотация | История колокольного искусства с XII в. до н.э. по XX в. н.э. |
| 650 | 04 | a | Основная рубрика | искусство |
| a | Основная рубрика | история музыки | ||
| a | Основная рубрика | музыка | ||
| a | Основная рубрика | православие; декоративно-прикладное искусство | ||
| a | Основная рубрика | религиоведение | ||
| a | Основная рубрика | религия | ||
| a | Основная рубрика | русская православная церковь | ||
| a | Основная рубрика | христианство | ||
| 653 | 0_ | a | Ключевые слова | бронзовое литье |
| a | Ключевые слова | звонари | ||
| a | Ключевые слова | Китай | ||
| a | Ключевые слова | колокола | ||
| a | Ключевые слова | колокольное искусство | ||
| a | Ключевые слова | колокольный звон | ||
| a | Ключевые слова | Кремль Московский | ||
| a | Ключевые слова | культовая практика | ||
| a | Ключевые слова | литье | ||
| a | Ключевые слова | литье колоколов | ||
| a | Ключевые слова | монастыри | ||
| a | Ключевые слова | Москва | ||
| a | Ключевые слова | музыкальные инструменты | ||
| a | Ключевые слова | религиозный культ | ||
| a | Ключевые слова | Россия | ||
| a | Ключевые слова | часовые колокола | ||
| 773 | 08 | t | Заглавие источника | Наше наследие |
| d | Дата издания источника | 1991 | ||
| g | Прочая информация | № 5(23). - С. 5 - 20 : ил. | ||
| w | Контрольный № источника | RU/IS/BASE/179596151 | ||
| 901 | t | Тип документа | b |